000 00708nam a2200217 u 4500
001 000036160
005 20240503185327.0
008 111221s1970 mx r 000 0 spa d
020 _a9682302161
040 _aDO-SdBNP
_bspa
_cBNPHU
082 _a330.9
_bR658L, 1970
100 1 _aRobinson, Joan
_950326
245 1 0 _aLibertad y necesidad :
_bintroducción al estudio de la sociedad /
_cJoan Robinson.
250 _a11a ed.
260 _aMéxico :
_bSiglo veintiuno Editores,
_c1970.
300 _a154 p. ;
_c20 cm.
590 _aPerteneció a la biblioteca personal de Juan Isidro Jimenes Grullón
650 0 _aHistoria económica
_91620
910 _aValidado. Control de calidad MFF
049 _aBNPD
999 _c35651
_d35651